000 00670nam a2200217Ii 4500
001 12042
003 CO-ViMGA
008 241108s9999||||xx |||||||||||||| ||und||
020 _a8420004510
040 _aCO-ViMGA
_bspa
_erda
_cCO-ViMGA
041 0 _aspa
082 0 4 _a616.9315 S642
100 1 _aLouis Ds. Smith
_949631
245 1 0 _aBolutismo:
_bEl microorganismo, sus toxinas, la enfermedad
264 1 _aMadrid, España : Acribia, [Fecha de publicación no identificada]
300 _avolumen
336 _atext
_btxt
_2rdacontent
337 _aunmediated
_bn
_2rdamedia
338 _avolume
_bnc
_2rdacarrier
940 _aidficha_siabuc: 11752. -- ficha_no_siabuc:12042
999 _c44308
_d44308